Conjuring the hurricane : the best way to save ... Read More
Available copies
- 0 of 1 copy available at LARL/NWRL Consortium.
- 0 of 1 copy available at Lake Agassiz Regional Library. (Show preferred library)
Current holds
0 current holds with 1 total copy.
Show All Copies
| Location | Call Number / Copy Notes | Barcode | Shelving Location | Status | Due Date |
|---|---|---|---|---|---|
Record details
- ISBN: 9781959694182
- ISBN: 1959694189
- Physical Description: 101 pages : illustrations ; 24 cm
- Publisher: [United States] : Inked Elephant Publishing House, LLc., 2026.
Content descriptions
| Summary, etc.: | When Sarah Hanson realized she had to leave her ... Read More |
Search for related items by subject
| Genre: | Autobiographical poetry. Autobiographies. |
| LDR | 02306cam a22004097i 4500 | ||
|---|---|---|---|
| 001 | 485969 | ||
| 003 | LARL_NWRL_CONSORTIUM | ||
| 005 | 20260528143901.0 | ||
| 008 | 260107s2026 xxua 000 0deng d | ||
| 010 | . | ‡a 2025942255 | |
| 040 | . | ‡aYDX ‡beng ‡cYDX ‡dMRQ | |
| 020 | . | ‡a9781959694182 ‡q(hardcover) | |
| 020 | . | ‡a1959694189 ‡q(hardcover) | |
| 035 | . | ‡a(OCoLC)1565449162 | |
| 082 | 0 | 4. | ‡a811.6 ‡223 |
| 100 | 1 | . | ‡aHanson, Sarah. |
| 245 | 1 | 0. | ‡aConjuring the hurricane : ‡bthe best way to save your life is any way you can / ‡cSarah Hanson ; introduction by Elizabeth Hara. |
| 264 | 1. | ‡a[United States] : ‡bInked Elephant Publishing House, LLc., ‡c2026. | |
| 300 | . | ‡a101 pages : ‡billustrations ; ‡c24 cm | |
| 336 | . | ‡atext ‡btxt ‡2rdacontent | |
| 337 | . | ‡aunmediated ‡bn ‡2rdamedia | |
| 338 | . | ‡avolume ‡bnc ‡2rdacarrier | |
| 520 | . | ‡aWhen Sarah Hanson realized she had to leave her abusive relationship, she didn't have a plan. She had fear, instinct, and a body that had learned how to survive. Conjuring the Hurricane is a survival memoir-in-verse about leaving a life that's killing you and rebuilding a self you can finally live inside. Told in fragments that mirror the way trauma lives in the body, the book traces the nonlinear work of reclaiming identity, trust, and agency after abuse. This is a story of escape and aftermath, of learning to trust what the body knows, and of joy returning slowly, in unexpected forms. It is not a guide to the perfect exit, but a testament to the exit that saves you. For anyone who has ever wondered how she got here. For anyone who has ever whispered, how do I get out. This book is a permission slip to choose survival. | |
| 650 | 0. | ‡aAbused women ‡vBiography. | |
| 650 | 0. | ‡aSpousal abuse ‡vBiography. | |
| 650 | 0. | ‡aWomen ‡xViolence against. | |
| 650 | 0. | ‡aWomen ‡xSocial conditions ‡y21st century. | |
| 650 | 0. | ‡aSelf-actualization (Psychology) ‡vBiogrpahy. | |
| 650 | 0. | ‡aSelf-realization in women ‡vBiography. | |
| 655 | 7. | ‡aAutobiographical poetry. ‡2lcgft | |
| 655 | 7. | ‡aAutobiographies. ‡2lcgft | |
| 700 | 1 | . | ‡aHara, Elizabeth, ‡eauthor of introduction. |
| 901 | . | ‡a485969 ‡bOCoLC ‡c485969 ‡tbiblio ‡sIngram On-Order | |

Add to basket
Permalink
Disable Highlighting